| 000 | 00734nam a2200253Ia 4500 | ||
|---|---|---|---|
| 003 | OSt | ||
| 005 | 20220923211822.0 | ||
| 006 | a|||||r|||| 00| 0 | ||
| 007 | ta | ||
| 008 | 220922b |||||||| |||| 00| 0 hin d | ||
| 024 | _a58,724 | ||
| 037 | _cTextual | ||
| 040 |
_aARTS _cARTS _bhin |
||
| 041 |
_2hin _ahin |
||
| 082 | _aQ1:31, 152M1 | ||
| 100 | _aवेदालंकार, भगवद् दत्त | ||
| 245 | 0 | _aसविता देवता | |
| 246 | _aSavitā devatā | ||
| 260 | _c1981 | ||
| 300 |
_aiv,198p. _ccm. |
||
| 650 | _aभारतीय दर्शन | ||
| 942 |
_hQ1:31, 152M1 _cTEXL _2CC |
||
| 999 |
_c303944 _d303944 |
||